Loading...
| History - American | 0 | 5 | 1 | 1 | 45 | 87 | 108.40 | 0 | 3 | 5.68 | 25.45 |
| Fine Arts - Classical Music | 0 | 4 | 0 | 0 | 40 | 82 | 111.50 | 0 | 2 | 4.90 | 21.82 |
| Science - Chemistry | 0 | 4 | 1 | 1 | 35 | 96 | 116.00 | 0 | 1 | 1.43 | 5.45 |
| Current Events | 0 | 2 | 0 | 0 | 20 | 65 | 70.00 | 0 | 2 | 28.29 | 56.67 |
| Social Science | 0 | 2 | 0 | 0 | 20 | 100 | 106.00 | 0 | 1 | 1.93 | 11.82 |
| Science - Biology | 0 | 2 | 1 | 1 | 15 | 118 | 123.00 | 0 | 0 | 0.47 | 8.18 |
| History - World | 0 | 1 | 0 | 1 | 10 | 121 | 121.00 | 1 | 1 | 0.43 | 9.09 |
| Literature - World | 0 | 1 | 0 | 0 | 10 | 106 | 106.00 | 0 | 0 | 1.44 | 5.45 |
| Other Academic | 0 | 1 | 0 | 0 | 10 | 75 | 75.00 | 0 | 1 | 13.95 | 26.67 |
| Philosophy | 0 | 1 | 0 | 0 | 10 | 117 | 117.00 | 0 | 1 | 1.65 | 7.27 |
| Pop Culture | 0 | 1 | 0 | 0 | 10 | 26 | 26.00 | 0 | 1 | 40.71 | 40.00 |
| Religion | 0 | 1 | 0 | 0 | 10 | 88 | 88.00 | 1 | 1 | 2.53 | 9.09 |
| Geography | 0 | 1 | 0 | 1 | 10 | 140 | 140.00 | 0 | 0 | 0.24 | 16.67 |
| Science - Other | 0 | 1 | 0 | 0 | 10 | 90 | 90.00 | 0 | 0 | 1.72 | 6.36 |
| History - European | 0 | 1 | 1 | 0 | 5 | 86 | 86.00 | 0 | 0 | 3.26 | 6.36 |
| History - Other | 0 | 1 | 1 | 0 | 5 | 114 | 114.00 | 1 | 1 | 1.41 | 9.09 |
| Fine Arts - Painting and Sculpture | 0 | 0 | 1 | 0 | -5 | 0.00 | 0 | 0 | 0.00 | 0.00 |